Páginas sueltas sobre Guinea Ecuatorial (Record no. 75463)

MARC details
000 -LEADER
campo de control de longitud fija 00440nam a2200145 i 4500
001 - NÚMERO DE CONTROL
campo de control 75463
003 - IDENTIFICADOR DE NÚMERO DE CONTROL
campo de control ES-MaACL
005 - FECHA Y HORA DE LA ÚLTIMA TRANSACCIÓN
campo de control 20230906172449.0
007 - CAMPO FIJO DE DESCRIPCIÓN FÍSICA--INFORMACIÓN GENERAL
campo de control de longitud fija t|
008 - DATOS DE LONGITUD FIJA--INFORMACIÓN GENERAL
campo de control de longitud fija 040924s1912 sp ||||1| spa d
100 1# - ENTRADA PRINCIPAL--NOMBRE DE PERSONA
Nombre de persona Granados, Gregorio.
9 (RLIN) 59559
245 10 - MENCIÓN DEL TÍTULO
Título Páginas sueltas sobre Guinea Ecuatorial
Resto del título : colección de artículos /
Mención de responsabilidad, etc. publicados por Gregorio Granados.
260 ## - PUBLICACIÓN, DISTRIBUCIÓN, ETC.
Lugar de publicación, distribución, etc. Barcelona :
Nombre del editor, distribuidor, etc. [s.n.,
Fecha de publicación, distribución, etc. 1912]
852 ## - LOCALIZACIÓN
Ubicación ES-MaACL
Número de control de estantería T-1340-F-4
Holdings
Estatus retirado Estado de pérdida Estado de daño No para préstamo Colección Biblioteca de origen Biblioteca actual Ubicación en estantería Fecha de adquisición Fuente de adquisición Total de préstamos Signatura topográfica completa Código de barras Visto por última vez Precio de reemplazo Tipo de ítem Koha
        Colección de folletos Biblioteca del Ateneo de Madrid Biblioteca del Ateneo de Madrid Depósito folletos 17/01/2008     T-1340-F-4 1078988 23/02/2023 23/02/2023 Folleto